| Tag |
First Indicator |
Second Indicator |
Subfields |
| LEADER |
00000cam a2200000 a 4500 |
| 001 |
in00001624713 |
| 005 |
20151023064348.0 |
| 008 |
010214s2001 cauaf 001 0 eng c |
| 010 |
|
|
|a 01086974
|
| 015 |
|
|
|a GBA1-Z2387
|
| 020 |
|
|
|a 0782129188
|
| 029 |
0 |
|
|a UKM
|b bA1Z2387
|
| 035 |
|
|
|a (OCoLC)ocm45991098
|
| 040 |
|
|
|a UKM
|c UKM
|d VHB
|d TXA
|d UtOrBLW
|
| 042 |
|
|
|a pcc
|
| 049 |
|
|
|a TXAM
|
| 050 |
|
4 |
|a T385
|b .B87 2001
|
| 082 |
0 |
4 |
|a 006.6869
|2 21
|
| 100 |
1 |
|
|a Busch, David D.
|
| 245 |
1 |
0 |
|a Photoshop 6! :
|b I didn't know you could do that-- /
|c David D. Busch.
|
| 264 |
|
1 |
|a San Francisco, Calif. ;
|a London :
|b SYBEX,
|c [2001]
|
| 264 |
|
4 |
|c ©2001
|
| 300 |
|
|
|a xviii, 268 pages, 16 unnumbered pages of plates :
|b illustrations (some color) ;
|c 23 cm. +
|e 1 CD-ROM (4 3/4 in.)
|
| 336 |
|
|
|a text
|b txt
|2 rdacontent
|
| 337 |
|
|
|a unmediated
|b n
|2 rdamedia
|
| 338 |
|
|
|a volume
|b nc
|2 rdacarrier
|
| 490 |
1 |
|
|a I didn't know you could do that
|
| 500 |
|
|
|a Includes index.
|
| 650 |
|
0 |
|a Computer graphics.
|
| 630 |
0 |
0 |
|a Adobe Photoshop.
|
| 830 |
|
0 |
|a I didn't know you could do that--
|
| 948 |
|
|
|a cataloged
|b h
|c 2001/9/6
|d c
|e jspillan
|f 11:07:46 am
|
| 994 |
|
|
|a E0
|b TXA
|
| 999 |
|
|
|a MARS
|
| 999 |
f |
f |
|s 02310930-8033-3097-bd3d-9219d2fdf5bb
|i edcc2bea-d2c1-3b76-8899-aa20484c9cfe
|t 0
|